000 00548nmm a2200169Ia 4500
008 251105s9999||||xx |||||||||||||||||und||
020 _a9789874434210
041 _aspa
100 _aSingaravelou, Pierre
245 0 _aHacia una historia de los posibles :
_b Análisis contrafactuales y futuros no acontecidos
264 _a[Buenos Aires, Argentina] :
_bEditorial Sb,
_c2018
300 _a377 páginas
490 _aParadigma indicial
650 _aHistory (General)
856 _uhttps://public.digitaliapublishing.com/a/129925
942 _cCF
999 _c97381
_d97381